000 00549nam a22002057i 4500
001 316
003 OSt
005 20170126082242.0
007 tu
008 161220s1988 xxu||||| |||| 00| 0 d
024 7 _a315
_2RID
040 _cOSt
084 _a3.21
_2z
100 1 _aHöhmann, Hans-Hermann
_eEd.
245 0 0 _aDie Wirtschaft Osteuropas und der VR China 1980-1990. Bilanz und Perspektiven
260 _aHamburg :
_bHWWA-Institut für Wirtschaftsforschung,Hamburg,
_c1988.
300 _a648 S. ;
_c21cm.
651 _aChina
651 _aEastern Europe
942 _cB
999 _c312
_d312